Perspectiva de la nueva dramaturgia puertorriqueña (Record no. 9758)
[ view plain ]
| 000 -LEADER | |
|---|---|
| campo de control de longitud fija | 00854nam a2200229 i 4500 |
| 001 - NÚMERO DE CONTROL | |
| campo de control | 9758 |
| 003 - IDENTIFICADOR DE NÚMERO DE CONTROL | |
| campo de control | ES-MaACL |
| 005 - FECHA Y HORA DE LA ÚLTIMA TRANSACCIÓN | |
| campo de control | 20250824061507.0 |
| 007 - CAMPO FIJO DE DESCRIPCIÓN FÍSICA--INFORMACIÓN GENERAL | |
| campo de control de longitud fija | t| |
| 008 - DATOS DE LONGITUD FIJA--INFORMACIÓN GENERAL | |
| campo de control de longitud fija | 940104s1989 pr ||||1| spa d |
| 080 ## - NÚMERO DE LA CLASIFICACIÓN DECIMAL UNIVERSAL | |
| Número de la Clasificación Decimal Universal | 86.0(729.5).09-2"19" |
| 100 1# - ENTRADA PRINCIPAL--NOMBRE DE PERSONA | |
| Nombre de persona | Ramos-Perea, Roberto. |
| 9 (RLIN) | 95345 |
| 245 10 - MENCIÓN DEL TÍTULO | |
| Título | Perspectiva de la nueva dramaturgia puertorriqueña |
| Resto del título | : ensayos sobre el nuevo teatro nacional / |
| Mención de responsabilidad, etc. | Roberto Ramos-Perea. |
| 260 ## - PUBLICACIÓN, DISTRIBUCIÓN, ETC. | |
| Lugar de publicación, distribución, etc. | San Juan, Puerto Rico : |
| Nombre del editor, distribuidor, etc. | Ateneo Puertorriqueño, |
| Fecha de publicación, distribución, etc. | 1989. |
| 300 ## - DESCRIPCIÓN FÍSICA | |
| Extensión | 93 p. ; |
| Dimensiones | 22 cm. |
| 490 1# - MENCIÓN DE SERIE | |
| Mención de serie | Cuadernos del Ateneo. Serie de teatro ; |
| Designación de volumen o secuencia | 1 |
| 650 #7 - PUNTO DE ACCESO ADICIONAL DE MATERIA--TÉRMINO DE MATERIA | |
| Término de materia o nombre geográfico como elemento de entrada | Teatro puertorriqueño |
| Fuente del encabezamiento o término | embne |
| 9 (RLIN) | 17385 |
| 710 2# - ENTRADA AGREGADA--NOMBRE DE ENTIDAD CORPORATIVA | |
| Nombre de entidad corporativa o nombre de jurisdicción como elemento de entrada | Ateneo Puertorriqueño |
| 9 (RLIN) | 2054 |
| 830 00 - PUNTO DE ACCESO ADICIONAL DE SERIE-TÍTULO UNIFORME | |
| Título uniforme | Cuadernos del Ateneo. |
| Nombre de parte o sección de la obra | Serie de teatro (Ateneo Puertorriqueño) |
| Designación de volumen o secuencia | 1 |
| 9 (RLIN) | 178597 |
| 852 ## - LOCALIZACIÓN | |
| Ubicación | ES-MaACL |
| Número de control de estantería | 2148-F-12 |
| Sublocalización o colección | R.120497 |
| Estatus retirado | Estado de pérdida | Estado de daño | No para préstamo | Colección | Biblioteca de origen | Biblioteca actual | Ubicación en estantería | Fecha de adquisición | Fuente de adquisición | Total de préstamos | Signatura topográfica completa | Código de barras | Visto por última vez | Precio de reemplazo | Tipo de ítem Koha |
|---|---|---|---|---|---|---|---|---|---|---|---|---|---|---|---|
| Colección de folletos | Biblioteca del Ateneo de Madrid | Biblioteca del Ateneo de Madrid | Depósito folletos | 17/01/2008 | 2148-F-12 | 1009960 | 23/02/2023 | 23/02/2023 | Folleto |
